Đặc tuyến máy phát điện đồng bộ Luận văn tốt nghiệp Đại học Sư phạm ngành Vật lí Khóa 11
Đã lưu trong:
| Hovedforfatter: | |
|---|---|
| Format: | Bog |
| Sprog: | Undetermined |
| Udgivet: |
Cần Thơ
Trường Đại học Cần Thơ, Khoa Sư phạm, Bộ môn Vật lí
1989
|
| Tags: |
Tilføj Tag
Ingen Tags, Vær først til at tagge denne postø!
|
| Thư viện lưu trữ: | Trung tâm Học liệu Trường Đại học Cần Thơ |
|---|
| LEADER | 00683nam a2200169Ia 4500 | ||
|---|---|---|---|
| 001 | CTU_25670 | ||
| 008 | 210402s9999 xx 000 0 und d | ||
| 082 | |b Ph557/1989 | ||
| 100 | |a Nguyễn Sĩ Phước | ||
| 245 | 0 | |a Đặc tuyến máy phát điện đồng bộ | |
| 245 | 0 | |b Luận văn tốt nghiệp Đại học Sư phạm ngành Vật lí Khóa 11 | |
| 245 | 0 | |c Nguyễn Sĩ Phước | |
| 260 | |a Cần Thơ | ||
| 260 | |b Trường Đại học Cần Thơ, Khoa Sư phạm, Bộ môn Vật lí | ||
| 260 | |c 1989 | ||
| 904 | |i Nguyễn Quang Điền, 980929 | ||
| 980 | |a Trung tâm Học liệu Trường Đại học Cần Thơ | ||